LEADER 01401nam 2200433 450 001 9910154839103321 005 20230810001456.0 010 $a1-63472-222-1 035 $a(CKB)3710000000972108 035 $a(MiAaPQ)EBC5155171 035 $a(EXLCZ)993710000000972108 100 $a20180508d2017 uy 0 101 0 $aeng 135 $aurcnu|||||||| 181 $ctxt$2rdacontent 182 $cc$2rdamedia 183 $acr$2rdacarrier 200 10$aIslam /$fKatie Marsico 210 1$aAnn Arbor, Michigan :$cCherry Lake Publishing,$d[2017] 210 4$dİ2017 215 $a1 online resource (32 pages) $cillustrations 225 1 $aGlobal Citizens: World Religions 311 $a1-63472-156-X 320 $aIncludes bibliographical references and index. 327 $aHistory: roots of the religion -- Geography: mapping how faith formed -- Civics: organization and ideas -- Economics: funding a faith -- Think about it!. 410 0$a21st century skills library.$pGlobal citizens: world religions. 606 $aIslam$vJuvenile literature 606 $aIslam$xHistory$vJuvenile literature 615 0$aIslam 615 0$aIslam$xHistory 676 $a297 700 $aMarsico$b Katie$f1980-$01209617 801 0$bMiAaPQ 801 1$bMiAaPQ 801 2$bMiAaPQ 906 $aBOOK 912 $a9910154839103321 996 $aIslam$92886863 997 $aUNINA